|
|
|
|
| LEADER |
00000nas a2200000 a 4500 |
| 001 |
ssj0003619 |
| 003 |
WaSeSS |
| 005 |
20200512172242.0 |
| 006 |
m d |
| 007 |
cr n |
| 008 |
000630c19909999nyubr p s 0 a0eng c |
| 010 |
|
|
|a 2004233292
|
| 016 |
7 |
|
|a 2019268-X
|2 DE-600
|
| 022 |
|
|
|a 1573-7888
|l 0957-8765
|y 0957-8765
|
| 035 |
|
|
|a (WaSeSS)ssj0003619
|
| 040 |
|
|
|a F#A
|b eng
|e pn
|c F#A
|d OCLCQ
|d GUA
|d OH1
|d MUQ
|d MYG
|d OCLCQ
|d GUA
|d EYM
|d CSU
|d HUL
|d OCLCQ
|d OCLCF
|d OCLCQ
|d WT2
|d OCLCO
|d OCLCQ
|d OCLCO
|d AU@
|d OCLCO
|d VT2
|d DLC
|d WaSeSS
|
| 041 |
0 |
|
|a eng
|b fre
|b ger
|b spa
|
| 042 |
|
|
|a pcc
|
| 050 |
0 |
0 |
|a HD62.6
|
| 082 |
0 |
4 |
|a 060
|
| 130 |
0 |
|
|a Voluntas (Manchester, England : Online)
|
| 210 |
0 |
|
|a Voluntas
|b (Dordr., Online)
|
| 222 |
|
0 |
|a Voluntas
|b (Dordrecht. Online)
|
| 245 |
1 |
0 |
|a Voluntas
|h [electronic resource] :
|b international journal of voluntary and nonprofit organizations.
|
| 246 |
3 |
0 |
|a International journal of voluntary and nonprofit organizations
|
| 260 |
|
|
|a New York :
|b Kluwer Academic/Plenum Publishers
|
| 260 |
|
|
|3 <2006-> :
|a [New York] :
|b Springer US
|
| 310 |
|
|
|a 6 issues per year,
|b 2014-
|
| 321 |
|
|
|a Quarterly,
|b -2013
|
| 362 |
1 |
|
|a Began with: Vol. 1, no. 1 (May 1990).
|
| 506 |
|
|
|a License restrictions may limit access.
|
| 546 |
|
|
|a Articles in English, with abstracts in French, German and Spanish.
|
| 550 |
|
|
|a Official journal of the International Society for Third-Sector Research.
|
| 588 |
|
|
|a Description based on: Vol. 1, no. 1 (May 1990); title from contents screen (SpringerLink, viewed Oct. 15, 2009).
|
| 588 |
|
|
|a Latest issue consulted: Vol. 30, no. 5 (Oct. 2019) (Springer Link, viewed Nov, 13, 2019).
|
| 650 |
|
0 |
|a Nonprofit organizations
|v Periodicals.
|
| 650 |
|
0 |
|a Associations, institutions, etc
|v Periodicals.
|
| 650 |
|
0 |
|a Voluntarism
|v Periodicals.
|
| 650 |
|
6 |
|a Associations sans but lucratif
|v Périodiques.
|
| 650 |
|
6 |
|a Associations
|v Périodiques.
|
| 650 |
|
6 |
|a Bénévolat
|x Associations
|v Périodiques.
|
| 650 |
|
7 |
|a Associations, institutions, etc.
|2 fast
|0 (OCoLC)fst00819166
|
| 650 |
|
7 |
|a Nonprofit organizations.
|2 fast
|0 (OCoLC)fst01038875
|
| 650 |
|
7 |
|a Voluntarism.
|2 fast
|0 (OCoLC)fst01168976
|
| 655 |
|
0 |
|a Electronic journals.
|
| 710 |
2 |
|
|a International Society for Third-Sector Research.
|
| 776 |
0 |
8 |
|i Print version:
|t Voluntas (Manchester, England)
|x 0957-8765
|w (DLC) 98645418
|w (OCoLC)22945479
|
| 850 |
|
|
|a DLC
|
| 856 |
4 |
0 |
|z Full text available from Research Library: 03/01/1997 to 1 year ago
|u https://search.proquest.com/publication/43913
|